00641nam a2200157 i 4500001000700000003000900007005001700016008004100033040003000074100003000104245010800134260006600242300002100308650005500329852009900384164101ES-MaACL20230906212854.0021004s1888 sp |||| | spa d aCCPB | B bspa cCCPB | B1 aRubio y Giles, Joaquín.10aDiscurso leído ante el Claustro de la Facultad de Medicina de Madrid / cpor Joaquín Rubio y Giles. aMadrid : b[s.n.], c1888 (flitografía de P. Sanz calleja) a16 p. ; c22 cm. 4aAparato respiratorio-xEnfermedades-xTratamiento. aES-MaACLjT-528-F-11 z-- Enc. hol. conservando la cub. original z-- Enc. en un vol. facticio